Training Church Members For Pastoral Care (Record no. 8963)

MARC details
000 -LEADER
fixed length control field 00538nam a2200205 a 4500
001 - CONTROL NUMBER
control field 0000-8963
003 - CONTROL NUMBER IDENTIFIER
control field ELIB.Books
008 - FIXED-LENGTH DATA ELEMENTS--GENERAL INFORMATION
fixed length control field 110520 1982
035 ## - SYSTEM CONTROL NUMBER
System control number (ELIB.Books)0000-9112
082 ## - DEWEY DECIMAL CLASSIFICATION NUMBER
Classification number 259
Item number Sou/259.07
100 ## - MAIN ENTRY--PERSONAL NAME
Personal name Southard, Samuel
245 ## - TITLE STATEMENT
Title Training Church Members For Pastoral Care
260 ## - PUBLICATION, DISTRIBUTION, ETC. (IMPRINT)
Name of publisher, distributor, etc. Valley Forge: The Jadson Press
Date of publication, distribution, etc. 1982
500 ## - GENERAL NOTE
General note Dr. Yahalaylayla
650 ## - SUBJECT ADDED ENTRY--TOPICAL TERM
Topical term or geographic name as entry element Pastoral Theology
942 ## - ADDED ENTRY ELEMENTS (KOHA)
Source of classification or shelving scheme Dewey Decimal Classification
Koha item type Books
990 ## - EQUIVALENCES OR CROSS-REFERENCES [LOCAL, CANADA]
Link information for 9XX fields 2
998 ## - LOCAL CONTROL INFORMATION (RLIN)
Cataloger's initials, CIN (RLIN) bat
-- 2011-05-20
Holdings
Withdrawn status Lost status Source of classification or shelving scheme Damaged status Not for loan Home library Current library Date acquired Total Checkouts Barcode Date last seen Bill Date Koha item type
    Dewey Decimal Classification     Karen Baptist Theological Seminary Library Karen Baptist Theological Seminary Library 20/05/2011   3169, 15177 22/01/2022 22/01/2022 Books
Implemented & Customized by: BestBookBuddies

Powered by Koha